000 00553nam a2200217Ia 4500
003 OSt
005 20220928145323.0
006 a|||||r|||| 00| 0
007 ta
008 220927b |||||||| |||| 00| 0 eng d
024 _a80148
037 _cTextual
040 _aSDCL
_cSDCL
_beng
041 _2eng
_aeng
082 _aQ1, M3
100 _aChoudhuri Usha
_9512591
245 0 _aVedic mythopoeia
_b An approach to religion,myth and poetry
260 _c1983
942 _hQ1, M3
_cTEXL
_2CC
999 _c833196
_d833196